000 00449nam a2200169Ia 4500
005 20250923144432.0
008 008 250917s9999 xx 000 0 eng d
037 _aTextual
040 _aDSWL
_beng
_cDSWL
041 _aeng
_2eng
084 _aT4(Q6)u2.N46, H6
_qDSWL
245 4 _aThe student outlook
_cEd. by Ram A Rall
260 _c1946
300 _a80 p.
942 _cTEXL
_hT4(Q6)u2.N46, H6
999 _c1438848
_d1438848